000 00716cab a2200181 4500
001 L135963
008 061220n2006 000 0 eng u
035 _a(Sirsi) u135963
041 0 _aeng
245 0 0 _aCollaborative relationships
260 _c2006
490 0 _aPremises and Facilities Management
_vDecember 2006, 21-22(2)
520 _aDiscusses the British Standards Institution's Publicly Available Specification, which is intended to formalise a consistent approach to collaborative relationship management and to provide a foundation for benchmarking organisations internally and externally.
590 _aKA
651 4 _aUnited Kingdom
_y
690 _aMANAGEMENT-FACILITIES MANAGEMENT
942 _n0
999 _c78083
_d78083